=LDR 00000nam 2200000 4500 =001 INLIS00000000000086 =005 20260702043538 =020 ##$$a 978-623-91588-0-4 =082 ##$$a 635.643 =100 1#$$a Ramdani, Rina M =245 1 $$a Rezeki Melimpah Dari Bertanam Cabe /$c Rina M Ramdani =300 ##$$a xii +88 ; 14 x 21